[Event "FRA-ch U16"]
[Site "Montlucon"]
[Date "2011.04.18"]
[Round "2"]
[White "Bach, Anatole"]
[Black "Kirk, Ezra"]
[Result "0-1"]
[WhiteElo "1921"]
[BlackElo "2111"]
[PlyCount "114"]
[EventDate "2011.04.17"]
[EventType "swiss"]
[EventRounds "9"]
[EventCountry "FRA"]
[SourceTitle "CBM 142 Extra"]
[Source "ChessBase"]
[SourceDate "2011.06.27"]
[SourceVersion "1"]
[SourceVersionDate "2011.06.27"]
[SourceQuality "1"]

1. e4 c5 2. Nf3 Nc6 3. Bb5 g6 4. 0-0 Bg7 5. Re1 Nf6 6. e5 Nd5 7. Nc3 Nc7 8. Bxc6 dxc6 9. Ne4 Ne6 10. d3 0-0 11. Be3 b6 12. Qd2 Qc7 13. Bh6 Rd8 14. Bxg7 Kxg7 15. Qe3 h6 16. Ng3 Nd4 17. Rac1 Qd7 18. h3 Qd5 19. Nd2 Be6 20. b3 Nf5 21. Nxf5+ Bxf5 22. Nf1 Qd4 23. Ng3 Be6 24. Qf3 Qd5 25. Re4 f5 26. exf6+ exf6 27. Rce1 Re8 28. Qf4 Rad8 29. Nf1 Qd6 30. Qh4 Bf7 31. Nh2 Rxe4 32. Rxe4 h5 33. Nf1 g5 34. Qg3 Qxg3 35. Nxg3 Rd7 36. Nf5+ Kf8 37. g4 hxg4 38. hxg4 Bd5 39. Re3 Rh7 40. f3 Rd7 41. Kf2 Bf7 42. Kg2 b5 43. Nh6 c4 44. Nxf7 Kxf7 45. Kf2 cxb3 46. axb3 a5 47. Re1 Ra7 48. Ra1 Ke6 49. Ke3 Kd5 50. d4 a4 51. bxa4 Rxa4 52. Rd1 Ra3+ 53. Rd3 b4 54. Rb3 Kc4 55. Ke4 Rxb3 56. cxb3+ Kxb3 57. Kf5 Kc4 0-1

[Event "FRA-ch U14"]
[Site "Troyes"]
[Date "2010.04.16"]
[Round "7"]
[White "Bach, Anatole"]
[Black "Grandadam, Patrick"]
[Result "0-1"]
[WhiteElo "1842"]
[BlackElo "2104"]
[PlyCount "68"]
[EventDate "2010.04.11"]
[EventType "swiss"]
[EventRounds "9"]
[EventCountry "FRA"]
[SourceTitle "EXT 2012"]
[Source "ChessBase"]
[SourceDate "2011.11.24"]
[SourceVersion "1"]
[SourceVersionDate "2011.11.24"]
[SourceQuality "1"]

1. e4 c5 2. c3 d5 3. exd5 Qxd5 4. d4 Nf6 5. Nf3 Bg4 6. dxc5 Qxd1+ 7. Kxd1 e5 8. b4 e4 9. h3 Bh5 10. g4 Nxg4 11. hxg4 Bxg4 12. Nbd2 exf3 13. Bd3 Nc6 14. Re1+ Be7 15. Be4 Rd8 16. Kc2 f5 17. Bxf3 Rxd2+ 18. Bxd2 Bxf3 19. Bf4 Kf7 20. Re3 Be4+ 21. Kb3 g5 22. Bh2 g4 23. Rd1 Ke6 24. Kc4 Rd8 25. Rxd8 Nxd8 26. b5 h5 27. a4 h4 28. a5 Kd7 29. Re1 Ne6 30. c6+ bxc6 31. b6 axb6 32. a6 b5+ 33. Kb3 Nc5+ 34. Kb2 Nd3+ 0-1